| 000 | 00950nam a2200229Ii 4500 | ||
|---|---|---|---|
| 003 | JO-AjNU | ||
| 008 | 230605s9999||||xx |||||||||||||| ||und|| | ||
| 017 | _a2005/5/1000 | ||
| 020 | _a978-9957-11-610-1 | ||
| 040 |
_aJO-AjNU _bara _erda _cJO-AjNU |
||
| 041 | _aara | ||
| 050 | 1 | 4 | _aHD60.G3484 2021 |
| 100 | 3 |
_aالغالبي، طاهر محسن منصور، م.مشارك صالح مهدي محسن العامري, _eauthor _962209 |
|
| 245 | 0 | 0 | _aالمسؤولية الاجتماعية واخلاقيات الاعمال:الاعمال والمجتمع=Social Responsibility &Business Ethics :Business &Society |
| 250 | _aاعادة الطبعه الخامسة | ||
| 264 | 3 | 1 | _aعمان: دار وائل للنشر والتوزيع، 2021 |
| 300 | _a467ص | ||
| 336 |
_atext _btxt _2rdacontent |
||
| 337 |
_aunmediated _bn _2rdamedia |
||
| 338 |
_avolume _bnc _2rdacarrier |
||
| 650 | 4 |
_aاداب المهن- ادارة الاعمال _962210 |
|
| 999 |
_aA28159 _c31727 _d31727 |
||